000 00598nam a2200241Ia 4500
003 OSt
005 20221005131923.0
006 a|||||r|||| 00| 0
007 ta
008 221004b |||||||| |||| 00| 0 tam d
024 _a48252
037 _cTextual
040 _aCRL
_cCRL
_btam
041 _2tam
_atam
082 _aO31,1KCH,1:g, K4
100 _aPuavar T. Cankup
_9640306
245 0 _aTamil vitututu
260 _c1964
300 _a107
_ccm.
650 _aTAMIL POETRY
942 _hO31,1KCH,1:g, K4
_cTEXL
_2cc
999 _c1061843
_d1061843